| 000 | 00665nam a22002177a 4500 | ||
|---|---|---|---|
| 003 | UA-OsUOA | ||
| 001 | 101209 | ||
| 007 | ta | ||
| 008 | 20130610b un ||||| |||| 00| 0 ukr d | ||
| 090 |
_a94(4) _bХ91 |
||
| 942 | _cBK | ||
| 040 |
_aUA-OsUOA _bukr _cUA-OsUOA _dUA-OsUOA |
||
| 245 |
_aХрестоматія з історії середніх віків _bпосібник для викладачів середньої школи |
||
| 300 | _a327 с. | ||
| 955 | _a3 | ||
| 041 | _aukr | ||
| 080 | _a94(4) | ||
| 260 |
_aК. _bРадянська школа _c1952 |
||
| 650 | 7 |
_a9 Географія. Біографії. Історія _2UDC |
|
| 999 |
_c387922 _d387922 |
||